[Event "Hastings Masters 2016-17"]
[Site "Hastings ENG"]
[Date "2016.12.30"]
[Round "3.27"]
[White "Vaishali, R"]
[Black "Raddatz, Michael"]
[Result "1-0"]
[WhiteTitle "WIM"]
[WhiteElo "2254"]
[BlackElo "2028"]
[WhiteFideId "5091756"]
[BlackFideId "4613252"]
[EventDate "2016.12.28"]

1. e4 c5 2. Nf3 d6 3. c3 Nf6 4. Be2 Nbd7 5. d3 e6 6. O-O Be7 7. Nbd2 O-O 8. Re1
b6 9. d4 Bb7 10. Bd3 Qc7 11. Nf1 e5 12. Ng3 Rfe8 13. dxe5 dxe5 14. Bc4 Rf8 15.
Qb3 Ne8 16. Nf5 Bf6 17. Ng5 Bxg5 18. Bxg5 Ndf6 19. Qc2 Rd8 20. Re3 Rd7 21. Rae1
Nd6 22. Nh6+ Kh8 23. Bxf6 Nxc4 24. Rg3 gxf6 25. Qe2 f5 26. Qxc4 Bxe4 27. Qe2 Qd6
28. Qh5 Qf6 29. Rg5 Rd2 30. Nxf5 Rxb2 31. h4 Rb1 32. Rxb1 Bxb1 33. Ne3 Bxa2 34.
Ng4 Qd6 35. Nxe5 Bb3 36. f3 a5 37. c4 Bxc4 38. Nxc4 Qd4+ 39. Kh2 Qxc4 40. Qh6
Qf4+ 41. Kh3 Qxg5 42. hxg5 1-0

[Event "Hastings Masters 2016-17"]
[Site "Hastings ENG"]
[Date "2016.12.30"]
[Round "3.28"]
[White "Norton, Craig"]
[Black "Hill, Alistair"]
[Result "1-0"]
[WhiteElo "2033"]
[BlackElo "2237"]
[WhiteFideId "411590"]
[BlackFideId "432407"]
[EventDate "2016.12.28"]

1. d4 Nf6 2. Nf3 g6 3. Nc3 d5 4. Bf4 Bg7 5. e3 O-O 6. Be2 c5 7. Ne5 Nc6 8. O-O
Ne8 9. Nxc6 bxc6 10. Na4 cxd4 11. exd4 Nd6 12. Re1 Re8 13. c3 f6 14. Bg4 e5 15.
Bxc8 Qxc8 16. dxe5 fxe5 17. Bg3 Ne4 18. c4 Qe6 19. cxd5 cxd5 20. Rc1 Rac8 21. b4
Nxg3 22. hxg3 e4 23. Rxc8 Rxc8 24. Nc5 Qf7 25. Qd2 Re8 26. f3 Bf8 27. fxe4 Bxc5+
28. bxc5 dxe4 29. c6 Qe6 30. Qd7 Qxd7 31. cxd7 Rd8 32. Rd1 Kf7 33. Kf2 Ke7 34.
Ke3 Rxd7 35. Rxd7+ Kxd7 36. Kxe4 Ke6 37. g4 Kf6 38. Kf4 h6 39. g5+ Kg7 40. a4 a5
41. gxh6+ Kxh6 42. g4 Kg7 43. Ke5 Kf7 44. g5 Ke7 45. Kd5 1-0

[Event "Hastings Masters 2016-17"]
[Site "Hastings ENG"]
[Date "2016.12.30"]
[Round "3.29"]
[White "White, Stuart A"]
[Black "Prosviriakov, Vladimir"]
[Result "0-1"]
[BlackTitle "IM"]
[WhiteElo "1999"]
[BlackElo "2236"]
[WhiteFideId "407747"]
[BlackFideId "2004860"]
[EventDate "2016.12.28"]

1. c4 e5 2. Nc3 d6 3. Nf3 f5 4. d4 e4 5. Ng5 Be7 6. h4 Nf6 7. Nh3 Be6 8. e3 Nbd7
9. Nf4 Bf7 10. Be2 c6 11. d5 Ne5 12. b3 O-O 13. Bb2 Nfg4 14. g3 Bf6 15. Kf1 Qe7
16. dxc6 bxc6 17. Kg2 Rfd8 18. Qd2 Qb7 19. Rad1 Rd7 20. Na4 Rad8 21. Qa5 Qc7 22.
Bc3 Qxa5 23. Bxa5 Rc8 24. Rd2 Be7 25. Rhd1 Nf6 26. Bc3 Rcd8 27. Ba5 Re8 28. Bc3
Bf8 29. Bd4 g6 30. Bc3 h6 31. Rh1 Rb7 32. Bd1 Reb8 33. Be2 Re8 34. Ba1 Rbb8 35.
Bd4 Rb7 36. Ba1 Rd7 37. Bc3 Bg7 38. Rhd1 Bf8 39. Rh1 Kh7 40. Rhd1 Kg7 41. Nc5
Rc7 42. Na6 Rcc8 43. Nb4 g5 44. hxg5 hxg5 45. Nh3 Kg6 46. Nc2 Nfd7 47. Bb4 c5
48. Bc3 Nf6 49. Ng1 Bg8 50. f4 exf3+ 51. Nxf3 Neg4 52. Rd3 Ne4 53. Be1 Rc7 54.
Na3 a6 55. Nc2 Rh7 56. Rb1 Be6 57. Rbd1 Be7 58. Na3 Reh8 59. Nb1 Ne5 60. Nxe5+
dxe5 61. Bf3 Rh1 0-1

[Event "Hastings Masters 2016-17"]
[Site "Hastings ENG"]
[Date "2016.12.30"]
[Round "3.30"]
[White "Boardman, Jeffrey"]
[Black "Snape, Ian L"]
[Result "1/2-1/2"]
[WhiteElo "1984"]
[BlackElo "2222"]
[WhiteFideId "4301382"]
[BlackFideId "404489"]
[EventDate "2016.12.28"]

1. e4 d6 2. d4 Nf6 3. Nc3 Nbd7 4. Nf3 e5 5. Bc4 Be7 6. h3 O-O 7. Be3 c6 8. a4 a5
9. O-O Nb6 10. Bb3 Nfd7 11. Qd3 exd4 12. Bxd4 Nc5 13. Bxc5 dxc5 14. Ne5 Qxd3 15.
cxd3 Be6 16. Bxe6 fxe6 17. Nc4 Nxc4 18. dxc4 Bf6 19. Rad1 Rad8 20. Rxd8 Rxd8 21.
Rd1 Bd4 22. Kf1 Rf8 23. f3 e5 24. Ne2 Rb8 25. Nxd4 cxd4 26. Rd3 b5 27. axb5 cxb5
28. cxb5 Rxb5 29. b3 Kf7 30. Ke2 Ke6 31. h4 h6 32. g3 g5 33. hxg5 hxg5 34. Kd2
Rc5 35. f4 gxf4 36. gxf4 exf4 37. Rxd4 Rb5 38. Ra4 Kf6 39. Ke2 Kg5 40. Kf2 Kg4
41. Ra3 Rh5 42. Ra1 Rh2+ 43. Kg1 Rb2 44. Rxa5 Kg3 45. Rg5+ Kf3 46. e5 Rb1+ 47.
Kh2 Rxb3 48. e6 Re3 49. Rg6 Re4 50. Kg1 Ke2 51. Rg2+ Ke3 52. Kf1 f3 53. Ra2 Rxe6
54. Ra3+ Kf4 55. Ra8 Re5 56. Ra4+ Kg3 57. Ra8 Rg5 58. Ra7 Kf4 59. Ra4+ Kg3 60.
Ra7 Rg4 61. Ra8 Kf4 62. Ra4+ Kg5 63. Rxg4+ Kxg4 64. Kf2 Kf4 65. Kf1 1/2-1/2

[Event "Hastings Masters 2016-17"]
[Site "Hastings ENG"]
[Date "2016.12.30"]
[Round "3.31"]
[White "Hand, Freddie"]
[Black "Rice, Chris B"]
[Result "1/2-1/2"]
[WhiteElo "2205"]
[BlackElo "2002"]
[WhiteFideId "436950"]
[BlackFideId "404446"]
[EventDate "2016.12.28"]

1. d4 a6 2. e4 e6 3. c4 d5 4. Nc3 dxe4 5. Nxe4 Bb4+ 6. Nc3 c5 7. a3 Ba5 8. dxc5
Bxc3+ 9. bxc3 Qa5 10. Qc2 Bd7 11. Nf3 Nf6 12. Be3 Bc6 13. Be2 Nbd7 14. O-O Nxc5
15. Qb2 Na4 16. Qb4 Qxb4 17. cxb4 Nc3 18. Rfe1 Nxe2+ 19. Rxe2 Bxf3 20. gxf3
O-O-O 21. Raa2 Rd3 22. Red2 Rhd8 23. Kf1 Rxd2 24. Rxd2 Rxd2 25. Bxd2 Nd7 26. Bc3
g6 27. Bd4 Kc7 28. Ke2 e5 29. Be3 f5 30. f4 Kd6 31. Kd3 e4+ 32. Kd4 Kc6 33. a4
Kd6 34. Bd2 Ke6 35. c5 Nf6 36. h3 Nd5 37. b5 axb5 38. axb5 Nc7 39. Kc4 Kd7 40.
Bc3 Ne6 41. Bd2 Nc7 42. h4 Ke6 43. Ba5 Nd5 44. c6 b6 45. Bd2 Ne7 46. Be3 Nc8 47.
Bd4 Nd6+ 48. Kb4 Nc8 49. Kc4 Nd6+ 50. Kb4 Nc8 51. Kc4 1/2-1/2

[Event "Hastings Masters 2016-17"]
[Site "Hastings ENG"]
[Date "2016.12.30"]
[Round "3.32"]
[White "Oyama, Akito"]
[Black "Norinkeviciute, Rasa"]
[Result "1-0"]
[BlackTitle "WFM"]
[WhiteElo "2191"]
[BlackElo "1994"]
[WhiteFideId "7001630"]
[BlackFideId "12801925"]
[EventDate "2016.12.28"]

1. e4 b6 2. d4 Bb7 3. Bd3 e6 4. Nf3 c5 5. c3 Nf6 6. Qe2 g6 7. O-O Bg7 8. Na3 O-O
9. Bg5 h6 10. Bh4 Qc8 11. Nb5 Ba6 12. Nd6 Bxd3 13. Qxd3 Qa6 14. Qd2 cxd4 15.
Nxd4 Nc6 16. N4b5 Nxe4 17. Nxe4 Qxb5 18. Nf6+ Kh8 19. a4 Qc4 20. f4 d5 21. Ng4
d4 22. Bf6 dxc3 23. Bxg7+ Kxg7 24. bxc3 Rad8 25. Qe1 h5 26. Ne3 Qc5 27. Kh1 Rd3
28. Rf3 Rfd8 29. f5 exf5 30. Nxf5+ gxf5 31. Qg3+ Kf6 32. Rxd3 Rxd3 33. Qxd3 Ne5
34. Qd4 Qc7 35. Rd1 Kg7 36. h3 f6 37. Rf1 Kg6 38. Qf4 Qc8 39. c4 Qe6 40. Rc1 Qc6
41. a5 Qa4 42. axb6 axb6 43. Kh2 Qc6 44. Rc3 Qe4 45. Qg3+ Kf7 46. Ra3 Nxc4 47.
Ra7+ Ke6 48. Qg8+ Kd6 49. Qf8+ Kc6 50. Qa8+ Kd6 51. Qxe4 fxe4 52. g4 hxg4 53. h4
Ne3 54. Kg3 Ke5 55. h5 Nf5+ 56. Kxg4 Nh6+ 57. Kh3 Kf4 58. Rg7 f5 59. Kg2 e3 60.
Rg6 Nf7 61. h6 Ke4 62. h7 f4 63. Rf6 Nh8 64. Re6+ Kf5 65. Re8 Ng6 66. h8=Q Nxh8
67. Rxh8 Ke4 68. Re8+ Kd3 69. Kf3 b5 70. Kxf4 b4 71. Rd8+ Kc2 72. Kxe3 b3 73.
Rc8+ Kb1 74. Kd2 b2 75. Kc3 Ka2 76. Ra8+ Kb1 77. Rb8 Ka1 78. Kc2 1-0

[Event "Hastings Masters 2016-17"]
[Site "Hastings ENG"]
[Date "2016.12.30"]
[Round "3.33"]
[White "Batchelor, Paul A"]
[Black "Eames, Robert S"]
[Result "0-1"]
[BlackTitle "FM"]
[WhiteElo "1965"]
[BlackElo "2187"]
[WhiteFideId "404225"]
[BlackFideId "408743"]
[EventDate "2016.12.28"]

1. Nf3 d5 2. d4 Nf6 3. c4 e6 4. Bg5 Bb4+ 5. Nc3 dxc4 6. Qa4+ Nc6 7. a3 Bxc3+ 8.
bxc3 Qd5 9. Bxf6 gxf6 10. Nd2 b5 11. Qc2 Bb7 12. e4 Qh5 13. Be2 Qg6 14. Bf3 O-O
15. Qb2 Rab8 16. h4 Rfd8 17. h5 Qg5 18. Rh3 Kh8 19. Rg3 Qf4 20. Rg4 Qh6 21. Nf1
a6 22. Ne3 Na5 23. Ke2 Nb3 24. Rd1 Rd7 25. Rh4 Rbd8 26. g3 c5 27. d5 f5 28. exf5
exd5 29. Ng4 Qg5 30. Kf1 Qxf5 31. Qe2 Qe6 32. Ne3 Re7 33. Rf4 d4 34. Bxb7 Rxb7
35. Qf3 Rbd7 36. Re4 Qh6 37. Ng4 Qg5 38. Re5 Qg7 39. h6 Qg6 40. Qf4 f6 41. Re6
Qg5 42. Qe4 Rf7 43. Re8+ Rxe8 44. Qxe8+ Qg8 45. Qe6 Qf8 46. Kg1 Qe7 47. Qxa6 Rf8
48. cxd4 Nxd4 49. Ne3 c3 50. Nd5 c2 51. Rf1 Ne2+ 52. Kh2 Qf7 53. Qxb5 c1=Q 54.
Rxc1 Nxc1 55. Qxc5 Nd3 56. Qb5 Nxf2 0-1

[Event "Hastings Masters 2016-17"]
[Site "Hastings ENG"]
[Date "2016.12.30"]
[Round "3.34"]
[White "Gaudeau, Valentin"]
[Black "Sikkel, Dirk"]
[Result "1/2-1/2"]
[WhiteElo "2182"]
[BlackElo "1956"]
[WhiteFideId "662216"]
[BlackFideId "1050079"]
[EventDate "2016.12.28"]

1. d4 g6 2. c4 Bg7 3. Nc3 d6 4. e4 e5 5. Nf3 Nc6 6. Bg5 f6 7. Be3 Nh6 8. d5 Ne7
9. h3 Nf7 10. Nd2 O-O 11. f3 Bh6 12. Bxh6 Nxh6 13. g4 Nf7 14. Bd3 Kg7 15. h4 h6
16. Qc2 a6 17. O-O-O Rb8 18. Kb1 Bd7 19. a3 b5 20. b4 c5 21. dxc6 Nxc6 22. Nb3
Be6 23. Be2 Qc8 24. Nd5 a5 25. cxb5 a4 26. bxc6 axb3 27. Qxb3 Qxc6 28. b5 g5 29.
Rd2 Rb7 30. Rhd1 Ra8 31. Rb2 Qc5 32. a4 Rab8 33. Qb4 Qxb4 34. Rxb4 1/2-1/2

[Event "Hastings Masters 2016-17"]
[Site "Hastings ENG"]
[Date "2016.12.30"]
[Round "3.35"]
[White "Wilson, Matthew R"]
[Black "Kalaiyalahan, Akshaya"]
[Result "0-1"]
[BlackTitle "FM"]
[WhiteElo "1791"]
[BlackElo "2160"]
[WhiteFideId "423459"]
[BlackFideId "422894"]
[EventDate "2016.12.28"]

1. Nf3 Nf6 2. c4 g6 3. Nc3 Bg7 4. e4 d6 5. d4 O-O 6. Be2 e5 7. dxe5 dxe5 8. Qxd8
Rxd8 9. Bg5 Re8 10. Nd5 Nxd5 11. cxd5 c6 12. Bc4 cxd5 13. Bxd5 Nd7 14. Rc1 h6
15. Be3 Nf6 16. O-O Nxd5 17. exd5 f5 18. Rfd1 b6 19. Rc6 g5 20. d6 Bd7 21. Rc7
Red8 22. g3 f4 23. gxf4 gxf4 24. Bc1 Bg4 25. Kg2 e4 26. Bxf4 Bxf3+ 0-1

[Event "Hastings Masters 2016-17"]
[Site "Hastings ENG"]
[Date "2016.12.30"]
[Round "3.36"]
[White "Britton, Richard L"]
[Black "Press, Harry"]
[Result "1-0"]
[WhiteTitle "FM"]
[WhiteElo "2139"]
[BlackElo "1826"]
[WhiteFideId "401692"]
[BlackFideId "3215539"]
[EventDate "2016.12.28"]

1. e4 e5 2. Nf3 Nc6 3. Bb5 a6 4. Ba4 Nf6 5. O-O Be7 6. Re1 b5 7. Bb3 d6 8. c3
O-O 9. h3 Na5 10. Bc2 c5 11. d4 Qc7 12. d5 Bd7 13. b3 Nb7 14. Nbd2 g6 15. Nf1
Nh5 16. g4 Ng7 17. Ng3 c4 18. b4 a5 19. Kh2 Ra6 20. Rg1 Rfa8 21. a3 f6 22. Nh4
Nd8 23. Nhf5 gxf5 24. gxf5 Be8 25. h4 Bf8 26. h5 Bf7 27. h6 Ne8 28. Nh5+ Kh8 29.
Qg4 axb4 30. cxb4 c3 31. Bd3 Rb6 32. Be3 Rba6 33. Rg2 1-0

[Event "Hastings Masters 2016-17"]
[Site "Hastings ENG"]
[Date "2016.12.30"]
[Round "3.37"]
[White "Byron, Alan M"]
[Black "Forster, Matthew"]
[Result "1/2-1/2"]
[WhiteElo "2131"]
[BlackElo "1813"]
[WhiteFideId "401773"]
[BlackFideId "437123"]
[EventDate "2016.12.28"]

1. e4 c5 2. Nf3 g6 3. d4 cxd4 4. Nxd4 Bg7 5. Nc3 Nc6 6. Be3 Nf6 7. Bc4 Qa5 8.
Bd3 d5 9. O-O Nxe4 10. Nxc6 bxc6 11. Nxe4 dxe4 12. Bxe4 O-O 13. c3 Rb8 14. Qc2
f5 15. Bxc6 f4 16. Bd2 Qb6 17. Qa4 Ba6 18. Rfe1 Qxb2 19. Qxa6 Qxd2 20. Qc4+ Kh8
21. Rad1 Qxc3 22. Qxc3 Bxc3 23. Rxe7 Rfd8 24. Rxd8+ 1/2-1/2

[Event "Hastings Masters 2016-17"]
[Site "Hastings ENG"]
[Date "2016.12.30"]
[Round "3.38"]
[White "Wilbrandt, Simon Pil"]
[Black "Witt, Holger"]
[Result "1-0"]
[WhiteElo "2180"]
[BlackElo "1628"]
[WhiteFideId "1436988"]
[BlackFideId "24678139"]
[EventDate "2016.12.28"]

1. d4 Nf6 2. Nf3 g6 3. Bf4 Bg7 4. Nbd2 O-O 5. e4 d6 6. Bd3 c6 7. h3 Qb6 8. Nc4
Qd8 9. Ne3 Qa5+ 10. c3 c5 11. O-O cxd4 12. cxd4 Bd7 13. Qb3 Nc6 14. Nc4 Qb4 15.
Qc2 b5 16. Bd2 Qa4 17. Qxa4 bxa4 18. d5 Nd8 19. Bb4 Nb7 20. Rfe1 Rfe8 21. Rad1
Rac8 22. Nfd2 Nc5 23. Bf1 Nh5 24. Bc3 Bxc3 25. bxc3 Nf4 26. Rb1 Rb8 27. f3 Nfd3
28. Rxb8 Rxb8 29. Rb1 Rxb1 30. Nxb1 Bb5 31. Na5 Kf8 32. Na3 a6 33. Nc2 Nc1 34.
c4 Bd7 35. Nb4 Ke8 36. Kf2 Nxa2 37. Nxa2 Nb3 38. Nxb3 axb3 39. Nc3 a5 40. Ke3 a4
41. Nb1 Kd8 42. Kd4 Kc7 43. c5 dxc5+ 44. Kxc5 h5 45. Bd3 b2 46. e5 Bf5 47. Bxf5
gxf5 48. g3 Kd7 49. f4 Kc7 50. d6+ Kd8 51. h4 exd6+ 52. exd6 Kc8 53. Kc6 Kd8 54.
d7 a3 55. Nxa3 b1=Q 56. Nxb1 f6 57. Nc3 1-0

[Event "Hastings Masters 2016-17"]
[Site "Hastings ENG"]
[Date "2016.12.30"]
[Round "3.39"]
[White "Garriga Cazorla, Pere"]
[Black "Vangsgaard, Freja"]
[Result "1-0"]
[WhiteTitle "FM"]
[BlackTitle "WFM"]
[WhiteElo "2386"]
[BlackElo "1975"]
[WhiteFideId "32011601"]
[BlackFideId "1436589"]
[EventDate "2016.12.28"]

1. d4 Nf6 2. c4 e6 3. Nf3 b6 4. g3 Bb7 5. Bg2 Be7 6. O-O O-O 7. d5 exd5 8. Nh4
c6 9. cxd5 Nxd5 10. Nf5 Nc7 11. e4 d5 12. Nc3 Nd7 13. Re1 d4 14. Qxd4 Bf6 15.
Qe3 Ne6 16. Rd1 Qc7 17. f4 Rfe8 18. e5 Be7 19. Nxe7+ Rxe7 20. b3 f6 21. Ba3 Nec5
22. b4 Ne6 23. b5 Nec5 24. bxc6 Bxc6 25. Nd5 Bxd5 26. Bxd5+ 1-0

[Event "Hastings Masters 2016-17"]
[Site "Hastings ENG"]
[Date "2016.12.30"]
[Round "3.41"]
[White "Reher, Wolfgang"]
[Black "Flear, Christine"]
[Result "1/2-1/2"]
[BlackTitle "WIM"]
[WhiteElo "1832"]
[BlackElo "2125"]
[WhiteFideId "12939951"]
[BlackFideId "602604"]
[EventDate "2016.12.28"]

1. f4 d5 2. Nf3 g6 3. e3 Bg7 4. d4 Nh6 5. g3 Nd7 6. Bg2 Nf6 7. O-O Nf5 8. b3 h5
9. Ne5 Nd6 10. Nd2 c6 11. c4 Bf5 12. a4 a5 13. h3 e6 14. Ba3 Nde4 15. Kh2 Nxd2
16. Qxd2 Be4 17. Nf3 Qb6 18. Qc3 Bf8 19. Bxf8 Kxf8 20. Kg1 Kg7 21. Rf2 Rhb8 22.
Rb2 1/2-1/2

[Event "Hastings Masters 2016-17"]
[Site "Hastings ENG"]
[Date "2016.12.30"]
[Round "3.42"]
[White "Krueger, Norbert"]
[Black "Howell, Oliver W"]
[Result "0-1"]
[WhiteElo "2046"]
[BlackElo "1575"]
[WhiteFideId "4633245"]
[BlackFideId "435929"]
[EventDate "2016.12.28"]

1. e4 e6 2. d4 d5 3. Bd3 dxe4 4. Bxe4 Nf6 5. Bd3 c5 6. Nf3 Nc6 7. c3 Be7 8. O-O
O-O 9. dxc5 Bxc5 10. Qe2 Qc7 11. Nbd2 Ne7 12. Ne4 Nxe4 13. Qxe4 Ng6 14. Re1 Rd8
15. Bc2 Bd7 16. Qe2 Bc6 17. Be4 Bxe4 18. Qxe4 Qb6 19. Be3 Bxe3 20. Qxe3 Qxe3 21.
Rxe3 Rd7 22. g3 Rad8 23. Kf1 Rd1+ 24. Rxd1 Rxd1+ 25. Re1 Rxe1+ 26. Kxe1 Kf8 27.
Kd2 Ke7 28. h4 Kd6 29. Ng5 h6 30. Nxf7+ Ke7 31. h5 Kxf7 32. hxg6+ Kxg6 33. Ke3
Kf5 34. f3 h5 35. c4 g5 36. b4 h4 37. gxh4 gxh4 38. a3 b6 39. a4 h3 40. Kf2 Ke5
41. a5 bxa5 42. bxa5 Kd4 43. Kg3 Kxc4 44. Kxh3 Kb5 45. Kg4 Kxa5 46. Kf4 Kb5 47.
Ke5 a5 48. Kxe6 a4 49. f4 a3 50. f5 a2 51. f6 a1=Q 52. Kf7 Kc6 53. Ke7 Qe5+ 54.
Kf7 Kd7 55. Kg6 Ke6 0-1

[Event "Hastings Masters 2016-17"]
[Site "Hastings ENG"]
[Date "2016.12.30"]
[Round "3.43"]
[White "Warnke, Klaus"]
[Black "Pickersgill, Adrian O"]
[Result "1/2-1/2"]
[WhiteElo "1695"]
[BlackElo "1985"]
[WhiteFideId "4661397"]
[BlackFideId "404519"]
[EventDate "2016.12.28"]

1. c4 e5 2. Nc3 d6 3. g3 f5 4. d3 Nf6 5. Bg2 c6 6. e3 Be7 7. Nge2 Na6 8. O-O O-O
9. Rb1 Qe8 10. a3 Nc7 11. f4 Be6 12. b4 a6 13. h3 Qd7 14. Kh2 Bf7 15. e4 fxe4
16. Nxe4 Nxe4 17. Bxe4 d5 18. cxd5 cxd5 19. Bg2 Bf6 20. fxe5 Bxe5 21. Bf4 Rae8
22. d4 Bf6 23. Nc3 Nb5 24. Nxb5 Qxb5 25. Rc1 Qd7 26. Rc7 Qb5 27. Bd6 Rc8 28. Rc5
Rxc5 29. dxc5 Re8 30. Bxd5 Qe2+ 31. Bg2 Qb2 32. Qf3 Bc4 33. Rf2 Qd4 34. Qh5 Re1
35. Qf5 h6 36. Qc8+ 1/2-1/2

[Event "Hastings Masters 2016-17"]
[Site "Hastings ENG"]
[Date "2016.12.30"]
[Round "3.45"]
[White "Dean, Michael J"]
[Black "Spanton, Tim R"]
[Result "0-1"]
[WhiteElo "1515"]
[BlackElo "1976"]
[WhiteFideId "416100"]
[BlackFideId "404802"]
[EventDate "2016.12.28"]

1. e4 c5 2. Nc3 Nc6 3. f4 g6 4. Nf3 Bg7 5. Bc4 e6 6. O-O Nge7 7. Qe1 Nb4 8. Qd1
O-O 9. a3 Qa5 10. Na2 Nxa2 11. Rxa2 d5 12. exd5 exd5 13. Be2 Nc6 14. d3 Re8 15.
Bd2 Qb6 16. c3 d4 17. Ng5 c4 18. Kh1 h6 19. Ne4 cxd3 20. Bxd3 Be6 21. Ra1 Rad8
22. Rb1 f5 23. Nf2 Ba2 24. Ra1 Qxb2 25. c4 Bb3 26. Rb1 Bxd1 27. Rxb2 Be2 28.
Bxe2 Rxe2 29. Nd3 b6 30. Rfb1 Rde8 31. g3 Nd8 32. Re1 Nf7 33. Rxe2 Rxe2 34. c5
bxc5 35. Nxc5 Bf8 36. Nd7 Bxa3 37. Rb8+ Kg7 38. Ba5 Rb2 39. Re8 Rb7 40. Ne5 Re7
41. Ra8 Nxe5 42. fxe5 Bc5 43. Rc8 Rxe5 44. Bd8 Bb6 45. Bc7 Rc5 46. Bxb6 Rxc8 47.
Bxd4+ Kf7 48. Bxa7 Rc2 49. Be3 g5 50. Kg1 Ke6 51. h4 Re2 52. Bf2 gxh4 53. gxh4
Rxf2 54. Kxf2 Ke5 55. h5 Kf4 0-1

[Event "Hastings Masters 2016-17"]
[Site "Hastings ENG"]
[Date "2016.12.30"]
[Round "3.46"]
[White "Ruane, Brendan J"]
[Black "Gunn, Michael J"]
[Result "1-0"]
[WhiteElo "1867"]
[BlackElo "1671"]
[WhiteFideId "430218"]
[BlackFideId "409030"]
[EventDate "2016.12.28"]

1. e4 e6 2. d4 d5 3. Nc3 dxe4 4. Nxe4 Nd7 5. Nf3 Ngf6 6. Nxf6+ Nxf6 7. Bd3 Be7
8. O-O O-O 9. c3 c5 10. Ne5 cxd4 11. cxd4 Qb6 12. b3 Rd8 13. Bb2 Bd7 14. Re1 Bb5
15. Bc2 Rac8 16. a4 Be8 17. Re3 Bc5 18. a5 Qc7 19. Ng4 Nd5 20. Qd3 g6 21. dxc5
Nxe3 22. Qc3 e5 23. Nh6+ Kg7 24. Qxe3 f6 25. b4 b6 26. Ng4 Qd7 27. Qh6+ 1-0

[Event "Hastings Masters 2016-17"]
[Site "Hastings ENG"]
[Date "2016.12.30"]
[Round "3.47"]
[White "Dennis, Nigel W"]
[Black "Macrae, James S"]
[Result "1-0"]
[WhiteElo "1818"]
[BlackElo "1642"]
[WhiteFideId "408913"]
[BlackFideId "2401797"]
[EventDate "2016.12.28"]

1. e4 e5 2. Nf3 d6 3. d4 exd4 4. Nxd4 Nf6 5. Nc3 Be7 6. Be2 O-O 7. O-O Bd7 8. f4
Nc6 9. Be3 a6 10. g4 Nxd4 11. Bxd4 c5 12. Be3 Bc6 13. Bf3 Qd7 14. g5 Ne8 15. Bg4
Qd8 16. Qe1 Nc7 17. Rd1 b6 18. Qg3 f6 19. h4 Qb8 20. Nd5 Nxd5 21. exd5 Bb5 22.
Rfe1 Qc7 23. Be6+ Kh8 24. Qg4 Rad8 25. g6 h6 26. f5 Bd7 27. Bxh6 Bxe6 28. Qh5
Rfe8 29. Bxg7+ Kxg7 30. Qh7+ 1-0

[Event "Hastings Masters 2016-17"]
[Site "Hastings ENG"]
[Date "2016.12.31"]
[Round "4.1"]
[White "Rasmussen, Allan Stig"]
[Black "Kjartansson, Gudmundur"]
[Result "1-0"]
[WhiteTitle "GM"]
[BlackTitle "IM"]
[WhiteElo "2502"]
[BlackElo "2468"]
[WhiteFideId "1406000"]
[BlackFideId "2301318"]
[EventDate "2016.12.28"]

1. c4 e5 2. Nc3 Nf6 3. Nf3 Nc6 4. e3 Bb4 5. Qc2 Bxc3 6. Qxc3 Qe7 7. d3 d5 8. Be2
e4 9. dxe4 dxe4 10. Nd4 Ne5 11. b4 Bg4 12. f3 exf3 13. gxf3 Rd8 14. h4 Rxd4 15.
exd4 Nxf3+ 16. Kd1 Qe4 17. Qe3 O-O 18. Rf1 Qxe3 19. Bxe3 Nxh4 20. Bg5 Ne4 21.
Bxh4 Nc3+ 22. Kd2 Nxe2 23. Bf2 Rd8 24. d5 b5 25. Bh4 f6 26. Rae1 bxc4 27. Rxe2
Rxd5+ 28. Ke1 Bxe2 29. Kxe2 a5 30. Be1 axb4 31. Bxb4 Rb5 32. Bc3 h5 33. Rf4 Rc5
34. a4 f5 35. a5 g5 36. Rf1 f4 37. a6 Rc6 38. a7 Re6+ 39. Kf2 Re8 40. Rb1 1-0

[Event "Hastings Masters 2016-17"]
[Site "Hastings ENG"]
[Date "2016.12.31"]
[Round "4.2"]
[White "Marzano, Carlo"]
[Black "Karthikeyan, Murali"]
[Result "0-1"]
[BlackTitle "GM"]
[WhiteElo "2186"]
[BlackElo "2530"]
[WhiteFideId "802980"]
[BlackFideId "5074452"]
[EventDate "2016.12.28"]

1. d4 Nf6 2. c4 e6 3. Nc3 d5 4. Bg5 Nbd7 5. e3 Be7 6. Nf3 O-O 7. Qc2 a6 8. cxd5
exd5 9. Bd3 h6 10. h4 c5 11. O-O-O cxd4 12. exd4 b5 13. Kb1 b4 14. Ne2 Ne4 15.
Bxe4 dxe4 16. Qxe4 Nf6 17. Bxf6 Bxf6 18. g4 Re8 19. Ne5 Be6 20. Nf4 Bxg4 21.
Rdg1 Qc8 22. Ka1 Qf5 23. Qg2 Qxf4 24. Qxg4 Bxe5 25. dxe5 Qxe5 26. Qxb4 Rab8 27.
Qc3 Qxc3 28. bxc3 Re2 29. Rb1 Rxb1+ 30. Kxb1 Rxf2 31. c4 Kf8 32. Rh3 Rf4 33. Ra3
Rxc4 34. Rxa6 Rxh4 35. a4 g5 36. a5 g4 37. Ra8+ Kg7 38. a6 g3 39. a7 Ra4 40. Rd8
h5 41. Rd3 h4 42. Rd4 Rxa7 43. Rxh4 f5 0-1

[Event "Hastings Masters 2016-17"]
[Site "Hastings ENG"]
[Date "2016.12.31"]
[Round "4.3"]
[White "Hebden, Mark L"]
[Black "Hansen, Mads"]
[Result "1-0"]
[WhiteTitle "GM"]
[BlackTitle "FM"]
[WhiteElo "2492"]
[BlackElo "2452"]
[WhiteFideId "400084"]
[BlackFideId "1401610"]
[EventDate "2016.12.28"]

1. d4 d5 2. Nf3 Nf6 3. c4 c6 4. e3 Bg4 5. h3 Bh5 6. g4 Bg6 7. Ne5 Nbd7 8. Nxg6
hxg6 9. Qb3 Qc7 10. cxd5 cxd5 11. Nc3 e6 12. g5 Ng8 13. e4 dxe4 14. Be3 Ne7 15.
Bg2 Nf5 16. O-O Qb6 17. Nxe4 Be7 18. Qa4 Qb4 19. Qxb4 Bxb4 20. Rac1 Nb6 21. Rc7
O-O 22. Rxb7 Rfb8 23. Nc5 Rxb7 24. Bxb7 Rd8 25. a3 Nxe3 26. fxe3 Bd2 27. Rf3 Nc4
28. Kf2 Nxb2 29. Ke2 Ba5 30. Ba6 Rd6 31. Bb5 e5 32. Ne4 Rd8 33. d5 Rb8 34. a4 a6
35. Bxa6 Nxa4 36. d6 Rb4 37. Bd3 Nb6 38. Rf1 Rb2+ 39. Kf3 Rb3 40. Bc2 Rb2 41.
Rc1 Kf8 42. Bd3 Rb3 43. Bc4 Rb4 44. Ba6 Rb3 45. Rc5 Ra3 46. Bb5 f5 47. gxf6 gxf6
48. Nxf6 Kf7 49. d7 Na8 50. Bc4+ Ke7 51. Rxe5+ 1-0

[Event "Hastings Masters 2016-17"]
[Site "Hastings ENG"]
[Date "2016.12.31"]
[Round "4.4"]
[White "Galyas, Miklos"]
[Black "Tan, Justin2"]
[Result "1/2-1/2"]
[WhiteTitle "IM"]
[BlackTitle "IM"]
[WhiteElo "2473"]
[BlackElo "2451"]
[WhiteFideId "707244"]
[BlackFideId "3206882"]
[EventDate "2016.12.28"]

1. d4 Nf6 2. Nf3 d5 3. Bf4 c5 4. e3 Nc6 5. Nbd2 Qb6 6. dxc5 Qxb2 7. Rb1 Qc3 8.
Bb5 Qxc5 9. c4 a6 10. Bxc6+ bxc6 11. O-O e6 12. Bc7 Be7 13. Bb6 Qd6 14. c5 Qb8
15. Bd8 Qa7 16. Bb6 Qb8 17. Bd8 Qa7 18. Bb6 1/2-1/2